000 00620nam a2200241 a 4500
001 nice12345678
003 IN_TiNIC
005 20260116011441.0
008 050524s1905 cala grp 000 0 eng
020 _a
_c0
082 0 0 _a954.025
_bKEN
100 _aKennedy, Pringle
245 _aHistory of the Great Moghuls Or History of the Badshahate of Delhi
260 _aCalcutta
_bThacker Spink and Company
_c1905
300 _a225p
500 _aincludes index and biblioraphy
505 2 _aIndex
650 _aMughal India
700 1 _aKennedy, Pringle
902 _bSRS
942 _cBK
999 _c1646
_d1646